000 00583nam a22001937a 4500
999 _c32071
_d32068
003 OSt
005 20210422105600.0
008 210422b ||||| |||| 00| 0 eng d
020 _a0890817871
040 _aMMU
_bEng
_cMMU
050 _aBT975.A53 1990
100 _aAnderson T. Neil
245 _aThe bondage breaker
_bOvercoming negative thoughts ,irrational feelings, habitual sins
_cNeil C.Anderson
260 _aUSA:
_bHarvest House publisher,
_c1990.
300 _a247p
500 _aincludes refence
650 _aResolution
_vOvercoming negativity
942 _2lcc
_cLOAN LOAN